Statistical Mechanics and Stability of Macromolecules (Record no. 8316)

MARC details
000 -LEADER
fixed length control field 00581nam a22001937a 4500
003 - CONTROL NUMBER IDENTIFIER
control field OSt
005 - DATE AND TIME OF LATEST TRANSACTION
control field 20240430163724.0
008 - FIXED-LENGTH DATA ELEMENTS--GENERAL INFORMATION
fixed length control field 240430b |||||||| |||| 00| 0 eng d
020 ## - INTERNATIONAL STANDARD BOOK NUMBER
International Standard Book Number 0521451841
040 ## - CATALOGING SOURCE
Transcribing agency DDC
082 ## - DEWEY DECIMAL CLASSIFICATION NUMBER
Classification number 530.13 PRO 1995
100 ## - MAIN ENTRY--PERSONAL NAME
Relator code Prohofsky,Earl
245 ## - TITLE STATEMENT
Title Statistical Mechanics and Stability of Macromolecules
260 ## - PUBLICATION, DISTRIBUTION, ETC. (IMPRINT)
Place of publication, distribution, etc. New York
Name of publisher, distributor, etc. University of Cambridge
Date of publication, distribution, etc. 1995
300 ## - PHYSICAL DESCRIPTION
Extent x;227p,
Other physical details ill,
Dimensions 23.4cm
504 ## - BIBLIOGRAPHY, ETC. NOTE
Bibliography, etc Includes bibliographical Appendixes,References and index
650 ## - SUBJECT ADDED ENTRY--TOPICAL TERM
Source of heading or term Statistical Mechanics
Topical term or geographic name as entry element Physics
9 (RLIN) 809
942 ## - ADDED ENTRY ELEMENTS (KOHA)
Source of classification or shelving scheme Dewey Decimal Classification
Koha item type Open Shelf
Holdings
Withdrawn status Lost status Source of classification or shelving scheme Damaged status Not for loan Home library Current library Inventory number Total Checkouts Full call number Barcode Date last seen Price effective from Koha item type Date acquired Source of acquisition
    Dewey Decimal Classification     MUST Main Library MUST Main Library 05/25022   530.13 PRO 1995 2024-0175 30/04/2024 30/04/2024 Open Shelf    
    Dewey Decimal Classification     MUST Main Library MUST Main Library 2005/25023   530.13 PRO 1995 2024-21032 24/06/2024 24/06/2024 Open Shelf 24/06/2024 Purchase